000 00559nam a2200169Ia 4500
008 090201s9999 xx 000 0 und d
010 _aKPL-42212
040 _bमराठी
041 _aमराठी
082 _a9818
_b42212
100 _aसुमती क्षेत्रमाडे
245 _aसिंधुदुर्ग
_cसुमती क्षेत्रमाडे
260 _c2004
_bप्रिया प्रकाशन
300 _a172
_bमोठा
600 _aसिंधुदुर्ग
942 _cBOOK
999 _c210310
_d210310